| 000 -ლიდერი |
| ფიქსირებული სიგრძის საკონტროლო ველი |
00869nam a22001697a 4500 |
| 003 - საკონტროლო ნომრის იდენტიფიკატორი |
| საკონტროლო ველი |
Ge_BSU |
| 005 - ბოლო ოპერაციის თარიღი და დრო |
| საკონტროლო ველი |
20221201135441.0 |
| 008 - ფიქსირებული სიგრძის მონაცემთა ელემენტები - ზოგადი ინფორმაცია |
| ფიქსირებული სიგრძის საკონტროლო ველი |
221201s1981ge xxu||||| |||| 00| 0 geo d |
| 041 ## - ენის კოდი |
| Language code of text/sound track or separate title |
geo |
| 080 ## - უნივერსალური ათობითი კლასიფიკაციის ინდექსი |
| Universal Decimal Classification number |
821.353.1-1 ს-47 |
| 245 ## - ცნობა სათაურის შესახებ |
| Title |
სიყვარულის წიგნი : |
| Remainder of title |
[ქართველ ავტორთა ლექსები] / |
| Statement of responsibility, etc |
შემდგ.: გ. გეგეჭკორი და სხვ. ; მხატვ.: გ. წერეთელი ; ბოლოსიტყვ. ავტ.:გ. ასათიანი. |
| 264 ## - წარმოების, გამოცემის, დისტრიბუციის და სხვა ცნობები |
| გამოცემის, წარმოების, დისტრიბუციის... ადგილი |
თბილისი : |
| გამოცემის, წარმოების, დისტრიბუციის... სახელწოდება |
საბჭ. საქართველო, |
| გამოცემის, წარმოების, დისტრიბუციის... თარიღი |
1981. |
| 300 ## - ფიზიკური აღწერა |
| Extent |
438 გვ. : |
| Other physical details |
ილ. ; |
| Dimensions |
17 სმ. |
| 653 ## - INDEX TERM--UNCONTROLLED |
| Uncontrolled term |
ქართული პოეზია. |
| 700 ## - ADDED ENTRY--PERSONAL NAME |
| Personal name |
გეგეჭკორი, გივი, |
| Relator term |
შემდგენელი |
| 9 (RLIN) |
5711 |
| 942 ## - ADDED ENTRY ELEMENTS (KOHA) |
| Source of classification or shelving scheme |
|
| Koha item type |
წიგნი |